00599nam a2200181Ia 450000500170000000800410001702000150005808200200007310000140009324500950010726000540020230000160025665000100027265000180028294200060030095200960030699900150040220250120052258.0240331s9999 xx 000 0 und d a0722522088 bBLA2606a305.4 aBlaker, K 0aBorn to Please:bAn Eight-Step Recovery Programme for Women Trapped By Their Relationships aNorthamptonshirebThorsons Publishing Groupc1990 aix, 227 p., aWomen aRelationships cL 001040708LaWERCLbWERCLcSSCd2024-03-31l0o 305.4 BLAp606r2024-03-31w2024-03-31yL c1628d1628